000 01411cam a22003977a 4500
001 000001660
003 CHAP
005 20220329133040.0
008 971013s1988 r 00010 d
010 _a1611
011 _a2583
035 _a1778
040 _cCHAP
100 0 0 _aLópez-Portillo Guzmán, José Antonio.
_968487
245 0 _aEstudio histopatológico en raíces de jitomate, atacados por Meloidogyne incognita raza 1 y Nacobbus aberran, separadamente y en interacción.
260 _aChapingo, Méx. :
_bEl Autor,
_c1988.
300 _a62 h. :
_b: ilus.
590 _aBATCH-UPD
_b10
_c20130109
_lUCH01
_h2318
590 _aBATCH-UPD
_b10
_c20130110
_lUCH01
_h0335
590 _aBATCH-UPD
_b10
_c20130110
_lUCH01
_h1812
590 _aBATCH-UPD
_b10
_c20130409
_lUCH01
_h1839
590 _aBATCH-UPD
_b10
_c20130410
_lUCH01
_h0008
590 _aBATCH-UPD
_b10
_c20130914
_lUCH01
_h1650
590 _aCONVERSION
_b10
_c20130109
_lUCH01
_h1302
590 _aE11695DGD
_b10
_c20130924
_lUCH01
_h1259
650 1 4 _aInteracción huésped-parásito.
_959512
650 1 4 _aMeloidogyne incognita.
_974432
650 1 4 _aNacobbus aberrans.
_980022
650 1 4 _aRaíces
_xEnfermedades.
_994673
650 1 4 _aTomate
_xEnfermedades por nemátodos.
_9113714
901 _aBK
942 _cFOLL
942 _n0
949 _bBC
_cTES
_d-11271
_eTS1
_h23691
_i1778
_si
949 _bBC
_cTES
_d-91062
_eTS2
_fc.2
_h23714
_i1778
_si
999 _c1611
_d1611